000
00301nam a22001337a 4500
020
_a
978-81-291-1596-6
082
_a
823
_b
BON/F
100
_a
BOND, RUSKIN
245
_a
FOURITE FAIRY TALES
260
_a
DELHI
_b
RUPA & CO
_c
2010
300
_a
170
650
_a
CHILDRENS STORY BOOK
_z
INDIA
942
_c
BK
999
_c
2642
_d
2642